Score 0/50 Timer 12:00
1 Play Today
% Correct
Azkaban
94.6%
End
94.5%
Rises
94.1%
Sith
93.7%
Dundee
93.6%
Crusade
93.5%
Mockingjay
93.1%
Vengeance
92.9%
Ultimatum
91%
King
91%
Vacation
90.6%
Goldmember
90.1%
Machines
89.8%
Forever
88.8%
Search
88.5%
Civil
87.6%
Stand
86.4%
Revolutions
85.8%
Hell
85.8%
Thunderdome
85.8%
Eclipse
85.5%
Battle
85.5%
Escape
84.5%
Gates
84.1%
Training
83.8%
% Correct
Leatherface
80.9%
Tomb
80.1%
Christmas
79.6%
Wanted
78.6%
Manhattan
76.2%
Infinity
75.8%
Revenge
75.7%
Trinity
75.2%
Dragon
74.5%
Voyage
73.5%
Dark
73%
Generation
71.5%
Insult
69.1%
Day
68.7%
Summer
66.7%
Season
64.7%
Extinction
64.6%
Harvest
62.9%
Innocence
58.2%
Braddock
56.7%
Kiss
55.3%
Salvation
54.9%
Warriors
53.9%
Happy
51.5%
Braxus
48.4%

You're not logged in!

Compare scores with friends on all Sporcle quizzes.
OR
Log In

Sporcle TV

Today on Sporcle TV


Watch our educational content, quiz creation guides, and fun videos on Sporcle TV.

Show Comments

Extras

Top Quizzes Today


Score Distribution

Paid Content

Your Account Isn't Verified!

In order to create a playlist on Sporcle, you need to verify the email address you used during registration. Go to your Sporcle Settings to finish the process.

Report this User

Report this user for behavior that violates our Community Guidelines.

Details: